Čakajú nás spotrebné dane.
Od 1. januára 1993 sa v rámci reformy daňovej sústavy zavedú spotrebné dane. Ich funkciu doteraz čiastočne plnia sadzby dane z obratu. Charakteristika zmien v ich úprave. Spotrebné dane ako základ výpočtu dane z pridanej hodnoty.
Saved in:
| Format: | Book Chapter |
|---|---|
| Language: | Slovak |
| Subjects: | |
| Tags: |
No Tags, Be the first to tag this record!
|
MARC
| LEADER | 00000naa a2200000 4500 | ||
|---|---|---|---|
| 001 | r007649 | ||
| 005 | 20220831085513.3 | ||
| 041 | 0 | |a slo | |
| 044 | |a [CS] | ||
| 245 | 1 | 0 | |a Čakajú nás spotrebné dane. |
| 520 | |a Od 1. januára 1993 sa v rámci reformy daňovej sústavy zavedú spotrebné dane. Ich funkciu doteraz čiastočne plnia sadzby dane z obratu. Charakteristika zmien v ich úprave. Spotrebné dane ako základ výpočtu dane z pridanej hodnoty. | ||
| 610 | 2 | 0 | |a dane spotrebné |
| 610 | 2 | 0 | |a dane z hodnoty pridanej |
| 610 | 2 | 0 | |a ČSFR |
| 610 | 2 | 0 | |a 1993 |